NCAA Division II football teams on a map - Statistics

General Stats
  • This quiz has been taken 770 times
    446 since last reset
  • The average score is 35 of 162
Answers on the Map
Answers color-coded by a green-red scale on the quiz's map according to % correct below.
 
Answer Stats
School % Correct
Ferris State
46%
Central Washington
45%
Colorado Mines
44%
Northern Michigan
43%
IUP
41%
Michigan Tech
41%
Minnesota State
41%
Pittsburg State
40%
Minnesota-Duluth
39%
Grand Valley State
38%
Western Oregon
38%
Northwest Missouri State
35%
West Florida
35%
Wayne State (MI)
34%
Wayne State (NE)
34%
Bemidji State
31%
Central Oklahoma
31%
Eastern New Mexico
31%
West Alabama
31%
CSU-Pueblo
30%
Indianapolis
30%
Kentucky State
30%
Nebraska-Kearney
30%
Savannah State
30%
Valdosta State
30%
Central Missouri
29%
Harding
29%
Virginia State
29%
Western Colorado
29%
Fort Hays State
28%
Minot State
28%
Saginaw Valley State
28%
Sioux Falls
28%
South Dakota Mines
28%
Western New Mexico
28%
West Texas A&M
28%
Slippery Rock
27%
Adams State
26%
Arkansas Tech
26%
Augustana
26%
Delta State
26%
Southern Arkansas
26%
West Virginia State
26%
Angelo State
25%
Black Hills State
25%
Colorado Mesa
25%
Texas A&M-Kingsville
25%
California (PA)
24%
Emporia State
24%
Findlay
24%
Minnesota State-Moorhead
24%
Missouri S&T
24%
New Mexico Highlands
24%
Southeastern Oklahoma
24%
Texas-Permian Basin
24%
UNC Pembroke
24%
Upper Iowa
24%
Concord
23%
Hillsdale
23%
Missouri Western
23%
Northwestern Oklahoma State
23%
Southwestern Oklahoma State
23%
Tiffin
23%
Washburn
23%
Arkansas-Monticello
22%
Chadron State
22%
Lincoln (MO)
22%
Lincoln (PA)
22%
Missouri Southern
22%
Ouachita Baptist
22%
Truman
22%
Tuskegee
22%
Virginia Union
22%
Charleston
21%
Davenport
21%
Mary
21%
Northern State
21%
Oklahoma Baptist
21%
Quincy
21%
Ashland
20%
Catawba
20%
Clark Atlanta
20%
Elizabeth City State
20%
Henderson State
20%
Kentucky Wesleyan
20%
Lake Erie
20%
Mississippi College
20%
Sul Ross
20%
Bowie State
19%
Concordia
19%
Fayetteville State
19%
Fort Lewis
19%
Lenoir-Rhyne
19%
Midwestern State
19%
Northeastern State
19%
Winona State
19%
Central State
18%
Edinboro
18%
Morehouse
18%
Northwood
18%
Ohio Dominican
18%
Southwest Minnesota
18%
Albany State
17%
Bluefield State
17%
East Central
17%
Kutztown
17%
Miles
17%
Roosevelt
17%
Southern Nazarene
17%
Virginia-Wise
17%
West Virginia Wesleyan
17%
Benedict
16%
Clarion
16%
McKendree
16%
North Greenville
16%
Shippensburg
16%
Southwest Baptist
16%
Wheeling
16%
American International
15%
Anderson
15%
Chowan
15%
Frostburg State
15%
Gannon
15%
Newberry
15%
New Haven
15%
Shepherd
15%
Southern Connecticut
15%
Walsh
15%
Bloomsburg
14%
Carson-Newman
14%
Lock Haven
14%
Shorter
14%
Wingate
14%
Barton
13%
Edward Waters
13%
Emory & Henry
13%
Fort Valley State
13%
Franklin Pierce
13%
Johnson C. Smith
13%
Lane
13%
Livingstone
13%
Seton Hill
13%
Shaw
13%
Thomas More
13%
Tusculum
13%
West Chester
13%
West Liberty
13%
William Jewell
13%
Winston-Salem State
13%
Allen
12%
Assumption
12%
Bentley
12%
East Stroudsburg
12%
Erskine
12%
Fairmont State
12%
Mars Hill
12%
Limestone
11%
Millersville
11%
Saint Anselm
10%
Pace
9%
Post
8%
Glenville State
7%
No matching quizzes found
Score Distribution
Percent of People with Each Score
Percentile by Number Answered
Your Score History
You have not taken this quiz since the last reset